000 00776nam a2200241 4500
001 5119
003 UkOxU
005 20211208234019.0
008 131224s1968 us b 001 0 eng d
035 _aCURL **980068027292**(LCo) from blc4
_aBD-RjUL)5155
040 _aBD-RjUL
_beng
_cBD-RjUL
041 _aeng
082 0 4 _219
_a323.44
_bBAF
100 1 _aBangs, Robert Babbitt,
_d1914-
_910091
245 1 0 _aFinancing economic development :
_bfiscal policy for emerging countries /
_cRobert B. Bangs
260 _aChicago ;
_aLondon :
_bUniversity of Chicago Press,
_c[1968]
300 _axi, 212 p. ;
_c23 cm
504 _aBibliographical footnotes
650 0 _aFiscal policy
_zDeveloping countries
_910092
942 _2ddc
_cBK
999 _c5119
_d5119